| 000 | 00675nac a22002051u 4500 | ||
|---|---|---|---|
| 008 | 100907t1999 xxu|||||r|||| 001 0 eng d | ||
| 010 | _a98009934 | ||
| 020 | _a0673981878 | ||
| 020 | _a0673980405 | ||
| 020 | _a9780673981875 | ||
| 082 | 0 | 0 |
_a624.18 _bMAM _222 |
| 100 |
_aMamlouk, Michael S. _918700 |
||
| 245 | 1 | 0 |
_aMaterials for Civil and Construction Engineers / _cMichael S. Mamlouk, John P. Zaniewski. |
| 260 |
_aMenlo Park, CA : _bAddison-Wesley, _c1999. |
||
| 300 |
_a388 p. : _bill. ; _c25 cm. |
||
| 504 | _aIncludes bibliographical references and index. | ||
| 650 | 0 |
_aMaterials. _918701 |
|
| 700 | 1 |
_aZaniewski, John P. _918702 |
|
| 942 |
_cBB _k624.18MAM _2ddc |
||
| 999 |
_c969 _d969 |
||